banner-ar

علم الاجتماع الطبى: مدخل نظرى / (Record no. 34520)

MARC details
000 -الفاتح
حقل البيانات ثابتة الطول 00665nam a2200205Ia 4500
008 - عناصر البيانات ثابتة الطول - معلومات عامة
حقل البيانات ثابتة الطول 140319s9999 xx 000 0 ara d
040 ## - مصدر الفهرسة
وكالة الفهرسة الأصلية GCL /
وكالة النسخ GCL
082 04 - رقم تصنيف ديوى العشرى
رقم التصنيف 301.423
رقم المادة ع ع
100 1# - المدخل الرئيسى - إسم شخصى
الإسم الشخصى محمد الجوهرى
245 10 - بيان العنوان
العنوان علم الاجتماع الطبى: مدخل نظرى /
بيان المسئوليه,etc محمد الجوهرى
700 1# - المدخل الاضافى - اسم شخصى
الإسم الشخصى على المكاوى
260 ## - PUBLICATION, DISTRIBUTION, ETC. (IMPRINT)
تاريخ النشر أو التوزيع 1990
300 ## - الوصف المادى
التعداد 479 ص
490 ## - بيان السلسلة
عنوان السلسلة سلسلة علم الاجتماع المعاصر
رقم المجلد/ التعيين التسلسلي 0
650 04 - المدخل الاضافى بالموضوع-مصطلح موضوعى
مصطلح موضوعي الاسرة
650 04 - المدخل الاضافى بالموضوع-مصطلح موضوعى
مصطلح موضوعي الاجتماع
650 04 - المدخل الاضافى بالموضوع-مصطلح موضوعى
مصطلح موضوعي الاجتماع الطبى، علم
942 ## - عناصر المدخل الإضافي( كوها)
مصدر التصنيف او مخطط الترفيف Dewey Decimal Classification
Koha [default] item type كتاب
260 ## - PUBLICATION, DISTRIBUTION, ETC. (IMPRINT)
-- [S.N] :
-- دار المعرفة الجامعية ،
Holdings
حالة التراجع حالة الفقد حالة تلف ليس للاعارة المكان المؤقت الموقع الحالى تاريخ الاكتساب اجمالي اﻻعارات رقم الطلب الباركود تاريخ اخر مشاهدة تاريخ تفعيل السعر نوع وعاء كوها
        مكتبة القاهرة الكبرى مكتبة القاهرة الكبرى 03/26/2014   301.423\ع ع 82641 03/26/2014 03/26/2014 كتاب

Powered By

EGPV